000 01741cam a2200193 4500
001 ABS67031
008 031001n2003 000 0 eng u
035 _a(Sirsi) u123798
245 _aHadley Design Associates Ltd v The Lord Mayor and Citizens of the City of Westminster
260 _c2003
520 _a[2003] EWHC 1617 (TCC), 9 July 2003. Respondent (W) had engaged claimant (H) as surveyor, in July 1987, for a rolling programme of works of an estate of 37 blocks which needed refurbishment. The contract was to extend over a number of years. It was based on the RICS "Conditions for engagement of building surveying services" and included a provision that either party could terminate the contract by giving one months notice. In 1996 W terminated the contract due to the introduction of compulsory competitive tendering, the need to bring maintenance and repair work under one company and dissatisfaction with H's services. H brought proceedings claiming it was entitled to damages for lost profit, citing pre-contract assurances that the contract would only be terminated if H defaulted or W ran out of money. Judge concluded there was no proof of this. H's claim for consideraton under the Unfair Contract Terms Act 1977 was also rejected. Judge ruled the termination at will clause was held and H's claim for damages rejected. View judgment at www.bailii.org.
590 _aABS
650 _aUNFAIR CONTRACT TERMS ACT 1977
650 _aTERMINATION CLAUSES
650 _aHADLEY DESIGN ASSOCIATES LTD V WESTMINSTER CC
690 _aBUILT ENVIRONMENT-BUILDING CONTRACT FORMS
856 _uhttps://www.bailii.org/cgi-bin/markup.cgi?doc=/ew/cases/EWHC/TCC/2003/1617.html
_zView judgment on the Bailii website...
942 _n0
999 _c73517
_d73517